A comparative study of residential valuation techniques and the development of a house value model and estimation system. (Record no. 96872)
[ view plain ]
| 000 -LEADER | |
|---|---|
| fixed length control field | 01050cam a2200289 4500 |
| 001 - CONTROL NUMBER | |
| control field | J88793 |
| 008 - FIXED-LENGTH DATA ELEMENTS--GENERAL INFORMATION | |
| fixed length control field | 090401t1996 xxu||||| |||| 00| 0 eng d |
| 035 ## - SYSTEM CONTROL NUMBER | |
| System control number | (Sirsi) u83183 |
| 041 ## - LANGUAGE CODE | |
| Language code of text/sound track or separate title | eng |
| 050 ## - LIBRARY OF CONGRESS CALL NUMBER | |
| Classification number | 333.332 |
| 100 ## - MAIN ENTRY--PERSONAL NAME | |
| Personal name | Gronow, S.A. |
| 245 #2 - TITLE STATEMENT | |
| Title | A comparative study of residential valuation techniques and the development of a house value model and estimation system. |
| 260 ## - PUBLICATION, DISTRIBUTION, ETC. | |
| Place of publication, distribution, etc. | Pontypridd,Mid Glamorgan |
| Name of publisher, distributor, etc. | University of Glamorgan |
| Date of publication, distribution, etc. | 1996 |
| 300 ## - PHYSICAL DESCRIPTION | |
| Extent | 4,16 leaves ; 30cm. |
| 350 ## - PRICE (NR) (BK AM CF MU VM SE) [OBSOLETE] | |
| Price | 0 |
| 520 ## - SUMMARY, ETC. | |
| Summary, etc. | Report submitted to the Economic and Social Research Council in respect of a Realising Our Potential Award, December 1996 for the Centre for Research in the Built Environment, Division of Maths and Computing, University of Glamorgan. |
| 650 ## - SUBJECT ADDED ENTRY--TOPICAL TERM | |
| Topical term or geographic name entry element | HOUSE VALUE MODEL |
| 650 ## - SUBJECT ADDED ENTRY--TOPICAL TERM | |
| Topical term or geographic name entry element | RESIDENTIAL VALUATION |
| 650 ## - SUBJECT ADDED ENTRY--TOPICAL TERM | |
| Topical term or geographic name entry element | VALUATION TECHNIQUES |
| 690 ## - LOCAL SUBJECT ADDED ENTRY--TOPICAL TERM (OCLC, RLIN) | |
| Topical term or geographic name as entry element | RATING AND VALUATION |
| 700 ## - ADDED ENTRY--PERSONAL NAME | |
| Personal name | Ware, J.A. |
| 700 ## - ADDED ENTRY--PERSONAL NAME | |
| Personal name | Jenkins, D.H. |
| 700 ## - ADDED ENTRY--PERSONAL NAME | |
| Personal name | Lewis, O.M. |
| 700 ## - ADDED ENTRY--PERSONAL NAME | |
| Personal name | Almond, N.I. |
| 942 ## - ADDED ENTRY ELEMENTS (KOHA) | |
| Suppress in OPAC | 0 |
| 948 ## - LOCAL PROCESSING INFORMATION (OCLC); SERIES PART DESIGNATOR (RLIN) | |
| c (OCLC) | 20/01/1998 |
| Withdrawn status | Lost status | Source of classification or shelving scheme | Damaged status | Not for loan | Home library | Current library | Shelving location | Date acquired | Total Checkouts | Full call number | Barcode | Date last seen | Date last checked out | Copy number | Price effective from | Koha item type |
|---|---|---|---|---|---|---|---|---|---|---|---|---|---|---|---|---|
| Dewey Decimal Classification | London | London | Basement | 14/09/1999 | 4 | BASEMENT | 30054962 | 06/08/2019 | 29/10/2004 | 1 | 06/08/2019 | Book |